000
00231nmm a2200085Ia 4500
008
220120s9999||||xx |||||||||||||||||und||
100
_a
Teri-2003-03
_9
10915
245
0
_a
Teddy; terienergy data directory and year book
260
_b
Delhi
999
_c
138892
_d
138892